Muscle relaxants / (Record no. 4216)

000 -LEADER
fixed length control field 01250cam a2200361 a 4500
001 - CONTROL NUMBER
control field 2104561
003 - CONTROL NUMBER IDENTIFIER
control field ALUPE UNIVERSITY
005 - DATE AND TIME OF LATEST TRANSACTION
control field 20220321074019.0
008 - FIXED-LENGTH DATA ELEMENTS--GENERAL INFORMATION
fixed length control field 760128s1985 flua b 001 0 eng
010 ## - LIBRARY OF CONGRESS CONTROL NUMBER
LC control number 85081233
020 ## - INTERNATIONAL STANDARD BOOK NUMBER
International Standard Book Number 0808917846
035 ## - SYSTEM CONTROL NUMBER
System control number ocm19851164
040 ## - CATALOGING SOURCE
Language of cataloging eng
Transcribing agency ALUPE UNIVERSITY
050 ## - LIBRARY OF CONGRESS CALL NUMBER
Classification number RD83.5
Item number .M87 1985
090 ## - LOCALLY ASSIGNED LC-TYPE CALL NUMBER (OCLC); LOCAL CALL NUMBER (RLIN)
Classification number (OCLC) (R) ; Classification number, CALL (RLIN) (NR) RD8305 .M87 1985
245 00 - TITLE STATEMENT
Title Muscle relaxants /
Remainder of title basic and clinical aspects /
Statement of responsibility, etc. edited by Ronald L. Katz.
260 ## - PUBLICATION, DISTRIBUTION, ETC.
Place of publication, distribution, etc. Orlando :
Name of publisher, distributor, etc. Grune & Stratton,
Date of publication, distribution, etc. c1985.
300 ## - PHYSICAL DESCRIPTION
Extent xi, 305 p. :
Other physical details ill. ;
Dimensions 23 cm.
336 ## - CONTENT TYPE
Content type term text
Content type code txt
Source rdacontent
337 ## - MEDIA TYPE
Media type term unmediated
Media type code n
Source rdamedia
338 ## - CARRIER TYPE
Carrier type term volume
Carrier type code nc
Source rdacarrier
500 ## - GENERAL NOTE
General note Based on December 1984 (Vol. III, Number 4) and March 1985 (Vol. IV, Number 1) issues of the journal Seminars in anesthesia.
504 ## - BIBLIOGRAPHY, ETC. NOTE
Bibliography, etc. note Includes bibliographies and index.
650 #0 - SUBJECT ADDED ENTRY--TOPICAL TERM
Topical term or geographic name entry element Muscle relaxants.
650 #0 - SUBJECT ADDED ENTRY--TOPICAL TERM
Topical term or geographic name entry element Neural transmission.
650 #2 - SUBJECT ADDED ENTRY--TOPICAL TERM
Topical term or geographic name entry element Neuromuscular Junction
General subdivision physiology.
650 #2 - SUBJECT ADDED ENTRY--TOPICAL TERM
Topical term or geographic name entry element Muscle Relaxants, Central.
650 #2 - SUBJECT ADDED ENTRY--TOPICAL TERM
Topical term or geographic name entry element Neuromuscular Depolarizing Agents.
650 #2 - SUBJECT ADDED ENTRY--TOPICAL TERM
Topical term or geographic name entry element Neuromuscular Nondepolarizing Agents.
700 1# - ADDED ENTRY--PERSONAL NAME
Personal name Katz, Ronald L.,
Dates associated with a name 1932-
730 0# - ADDED ENTRY--UNIFORM TITLE
Uniform title Seminars in anesthesia.
942 ## - ADDED ENTRY ELEMENTS (KOHA)
Source of classification or shelving scheme
Koha item type Book
Suppress in OPAC CM
Holdings
Withdrawn status Lost status Source of classification or shelving scheme Damaged status Not for loan Permanent Location Current Location Shelving location Date acquired Source of acquisition Total Checkouts Full call number Barcode Date last seen Price effective from Koha item type Public note
          AU LIBRARY AU LIBRARY Open Shelf 21.03.2022 DONATION FROM MOI UNIVERSITY   RD83.5 .M87 1985 28006238 21.03.2022 21.03.2022 Book CM

Powered by Koha